000 00542nam a2200169 i 4500
001 102378
003 ES-MaACL
005 20230906183110.0
007 t|
008 051110s1971 sp ||||1| spa d
100 1 _aMendizábal Allende, Rafael de.
_980222
245 1 0 _aAverroes, un andaluz para Europa /
_cRafael de Mendizabal Allende.
260 _aMadrid :
_bInstituto de Estudios Africanos,
_c1971.
300 _a216 p., 5 lám. ;
_c24 cm.
710 2 _aInstituto de Estudios Africanos.
_94881
852 _aES-MaACL
_jC-37648
_bR.79118
999 _c102378
_d102378